MARC details
| 000 -CABECERA |
| campo de control de longitud fija |
02157nam a22003257a 4500 |
| 001 - NÚMERO DE CONTROL |
| campo de control |
BRCA_9237 |
| 003 - IDENTIFICADOR DEL NÚMERO DE CONTROL |
| campo de control |
FranzMayer |
| 005 - FECHA Y HORA DE LA ÚLTIMA TRANSACCIÓN |
| campo de control |
20220930143022.0 |
| 008 - DATOS DE LONGITUD FIJA--INFORMACIÓN GENERAL |
| campo de control de longitud fija |
220929b |||||||| |||| 00| 0 eng d |
| 020 ## - NÚMERO INTERNACIONAL ESTÁNDAR DEL LIBRO |
| Número Internacional Estándar del Libro |
9786078036523 |
| 040 ## - FUENTE DE LA CATALOGACIÓN |
| Lengua de catalogación |
spa |
| Centro/agencia transcriptor |
MFM |
| 041 ## - CÓDIGO DE LENGUA |
| Código de lengua del texto/banda sonora o título independiente |
spa |
| 050 ## - SIGNATURA TOPOGRÁFICA DE LA BIBLIOTECA DEL CONGRESO |
| Número de clasificación |
TR680. |
| Número de documento/Ítem |
F68 2019 |
| 245 ## - MENCIÓN DE TÍTULO |
| Título |
Foto Azul : |
| Resto del título |
Un estudio fotográfico en Puebla |
| 260 ## - PUBLICACIÓN, DISTRIBUCIÓN, ETC. |
| Lugar de publicación, distribución, etc. |
México : |
| Nombre del editor, distribuidor, etc. |
Fundación Espinosa Rugarcía, Centro de Estudios Espinosa Yglesias, |
| Fecha de publicación, distribución, etc. |
2019 |
| 300 ## - DESCRIPCIÓN FÍSICA |
| Extensión |
207 pp. : |
| Otras características físicas |
fot. ; |
| Dimensiones |
17.5 x 24 cm. |
| 504 ## - NOTA DE BIBLIOGRAFÍA, ETC. |
| Nota de bibliografía, etc. |
Bibliografía recomendada: p. 205 |
| 505 ## - NOTA DE CONTENIDO CON FORMATO |
| Título |
Una invitación a dialogar con las fotografías de Rafael Fuentes Aguilar / |
| Mención de responsabilidad |
Amparo Espinosa Rugarcía |
| 505 ## - NOTA DE CONTENIDO CON FORMATO |
| Título |
Foto Azul: Mirada y memoria de Rafael Fuentes Aguilar / |
| Mención de responsabilidad |
Mario Luis Fuentes Alcalá |
| 505 ## - NOTA DE CONTENIDO CON FORMATO |
| Título |
Foto Azul. Puebla, 1936-1984 / |
| Mención de responsabilidad |
Judith Fuentes Aguilar Merino |
| 505 ## - NOTA DE CONTENIDO CON FORMATO |
| Título |
Foto Azul, un estudio fotográfico en Puebla / |
| Mención de responsabilidad |
Horacio Correa Gannam y Xavier Recio Oviedo |
| 505 ## - NOTA DE CONTENIDO CON FORMATO |
| Título |
Rafael Fuentes Aguilar y los nuevos poblanos del siglo XX / |
| Mención de responsabilidad |
Gustavo Amézaga Heiras |
| 505 ## - NOTA DE CONTENIDO CON FORMATO |
| Título |
Retratos de una época |
| 505 ## - NOTA DE CONTENIDO CON FORMATO |
| Título |
20 imágenes, 20 historias |
| 505 ## - NOTA DE CONTENIDO CON FORMATO |
| Título |
Entrevistas |
| 520 ## - SUMARIO, ETC. |
| Sumario, etc. |
Durante décadas, Rafael Fuentes Aguilar, un hombre de vocación democrática y sentido social poco común, atrajo a Foto Azul -su espacio de trabajo en la Ciudad de Puebla- a niños y niñas, militares, obreros, campesinos, empresarios, sacerdotes, enfermeras, toreros, maestras y mujeres dedicadas al hogar o que estudiaban corte y confección, entre muchos otros personajes de la época. con su quehacer logró reunir una colección de fotografías irrepetible.La Fundación ESRU y el Centro de Estudios Espinosa Yglesias, han emprendido la tarea de rescatar y promover el acervo fotográfico del Estudio Foto Azul para descubrir la evidencia del mundo social subyacente en cada una de sus obras. - Proporcionado por Amparo Espinosa Rugarcía, Presidenta Fundación Espinosa Rugarcía |
| 600 ## - PUNTO DE ACCESO ADICIONAL DE MATERIA--NOMBRE DE PERSONA |
| Nombre de persona |
Fuentes Aguilar, Rafael |
| Fechas asociadas al nombre |
1889-1976 |
| 9 (RLIN) |
28576 |
| Subdivisión general |
Fotógrafos |
| Subdivisión geográfica |
Puebla de Zaragoza (Mexico) |
| 650 ## - PUNTO DE ACCESO ADICIONAL DE MATERIA--TÉRMINO DE MATERIA |
| Término de materia o nombre geográfico como elemento de entrada |
Fotografía |
| Subdivisión general |
Negativos |
| 9 (RLIN) |
28577 |
| 942 ## - ELEMENTOS DE PUNTO DE ACCESO ADICIONAL (KOHA) |
| Fuente del sistema de clasificación o colocación |
Library of Congress Classification |
| Tipo de ítem Koha |
Libros |